000 00243nam a2200097Ia 4500
008 230907s9999||||xx |||||||||||||| ||und||
082 _a333.794
_bALT
245 0 _aAlternative energy sources and technologies :
300 _a512 p.
942 _cBK
999 _c600486
_d600486